Logo BPK

Biblioteka

Politechniki Koszalińskiej

Wskazówki metodyczne do prowadzenia ćwiczeń laboratoryjnych z chemii w wyższych szkołach inżynierskich dla pracujących na kierunkach mechanicznych / (Rekord nr 10403)

Szczegóły MARC
000 -ETYKIETA REKORDU
podpole kontrolne o stałej długości 00431nam a2200133 i 4500
001 - NUMER KONTROLNY REKORDU
pole kontrolne bg
040 ## - ŹRÓDŁO KATALOGOWANIA
Instytucja, która utworzyła rekord BPK
041 ## - KOD JĘZYKA
Kod języka tekstu pol
008 - POLE O STAŁEJ DŁUGOŚCI - DANE KONTROLNE
podpole kontrolne o stałej długości s pl f |000 0 pol
100 1# - NAZWA OSOBOWA
Nazwa osobowa MONIEWSKA, Z.
245 #0 - TYTUŁ/ODPOWIEDZIALNOŚĆ
Tytuł Wskazówki metodyczne do prowadzenia ćwiczeń laboratoryjnych z chemii w wyższych szkołach inżynierskich dla pracujących na kierunkach mechanicznych /
Pozostałe elementy strefy tytułu i oznaczenia odpowiedzialności Z. Moniewska.
260 ## - STREFA ADRESU WYDAWNICZEGO
Miejsce wydania Gliwice,
Data publikacji, dystrybucji/powstania dokumentu 1970.
856 ## - LOKALIZACJA I DOSTĘP DO ELEKTRONICZNYCH DOKUMENTÓW ZDALNYCH
Link (URL) http://koha.tu.koszalin.pl/cgi-bin/koha/opac-detail.pl?biblionumber=10403
Tekst linku Katalog online BPK
942 ## - DODATKOWE ELEMENTY (KOHA)
Typ dokumentu Książka
Egzemplarze
Wycofany Status egzemplarza Uszkodzony Dostępność Lokalizacja stała Lokalizacja bieżąca Numer ubytku Sygnatura Kod kreskowy Typ dokumentu Miejsce przechowywania
  Egz. niedostępny   Niedostępny Biblioteka Politechniki Koszalińskiej Biblioteka Politechniki Koszalińskiej p20436 P 683/1 01797305 Książka  
      Dostępny Biblioteka Politechniki Koszalińskiej Biblioteka Politechniki Koszalińskiej   P 683/2 01797299 Książka Wypożyczalnia BG
© 2023 Biblioteka Politechniki Koszalińskiej :: KOHA